| 000 | 00800nam a2200265Ia 4500 | ||
|---|---|---|---|
| 001 | Para_7801 | ||
| 003 | CHAP | ||
| 008 | 220125s1921 xx 000 0 und d | ||
| 010 | _a206436 | ||
| 040 | _cCHAP | ||
| 082 | _aPA-C 595.77 D5 | ||
| 100 |
_aTothill, John D. _9114356 |
||
| 245 | _aA revision of the neartic species of the tachinid genus Ernestia R. D. (diptera), Ernestia platycarina sp. | ||
| 440 |
_aDiptera ; 11 _9166710 |
||
| 500 | _aSobretiro de Canadian Entologist ; December, 1921 Enc. con otros impresos similares | ||
| 650 |
_aDipteros _933715 |
||
| 650 |
_aTachinidae _9111320 |
||
| 901 | _aPA-C 595.77 D5 | ||
| 902 | _aA | ||
| 905 | _a0000001921 0000000000 00 | ||
| 910 | _a1921 | ||
| 942 | _cPARA | ||
| 942 |
_cPARA _d1 |
||
| 999 |
_c206436 _d206436 |
||